000 00873cam a22002771a 4500
001 sa 68005653
003 DLC
005 20260227112510.0
008 950130s1964 ii 000 0 malo
010 _asa 68005653
025 _aPL480:I-Mal-796
035 _a(OCoLC)31906100
040 _aDLC
_cICRL
_dDLC
050 0 0 _aQH368
_b.B323
100 1 _aBālar̲ām, En. I.,
_d1919-
245 1 0 _aManuṣyōlpatti /
_cEn.I. Bālar̲āṃ.
260 _aTiruvanantapuraṃ :
_bPr̲abhāt Buukkȧ haus,
_c[1964]
300 _aiii, 139, [2] p. ;
_c18 cm.
500 _aTitle on added t.p.: Manushyolpathi.
504 _aIncludes bibliographical references (p. [141]).
500 _aIn Malayalam.
520 _aArcheological essays on the history of human evolution.
650 0 _aHuman beings
_xOrigin
_xHistory.
650 0 _aArchaeology.
740 0 _aManushyolpathi.
999 _c80849
_d80849